[Event "European Blitz 2017"]
[Site "Katowice POL"]
[Date "2017.12.15"]
[Round "13.65"]
[White "Polivanov, Anatoliy"]
[Black "Subirats Ruiz, Sergi"]
[Result "1-0"]
[WhiteTitle "IM"]
[WhiteElo "2383"]
[BlackElo "2173"]
[WhiteFideId "14109468"]
[BlackFideId "2292475"]
[EventDate "2017.12.15"]
[EventType "blitz"]

1. d4 Nf6 2. c4 g6 3. f3 Bg7 4. e4 d6 5. Nc3 O-O 6. Bg5 h6 7. Be3 e5 8. d5 Ne8
9. Qd2 Kh7 10. O-O-O f5 11. exf5 gxf5 12. Bd3 Nd7 13. g4 Nc5 14. Bxc5 dxc5 15.
gxf5 Bxf5 16. Nge2 Kh8 17. Ng3 Bxd3 18. Qxd3 Qh4 19. Kb1 Nd6 20. Nce4 b6 21.
Rhg1 Nxe4 22. fxe4 Rf7 23. Nf5 Qf6 24. d6 cxd6 25. Qxd6 Rg8 26. Rg6 Qxd6 27.
Rdxd6 Kh7 28. Rxh6+ 1-0

[Event "European Blitz 2017"]
[Site "Katowice POL"]
[Date "2017.12.15"]
[Round "13.66"]
[White "Barski, Radoslaw"]
[Black "Saraci, Nderim"]
[Result "1-0"]
[WhiteTitle "IM"]
[BlackTitle "FM"]
[WhiteElo "2452"]
[BlackElo "2398"]
[WhiteFideId "1131710"]
[BlackFideId "6351921"]
[EventDate "2017.12.15"]
[EventType "blitz"]

1. e4 c5 2. Nf3 Nc6 3. d4 cxd4 4. Nxd4 g6 5. c4 Bg7 6. Be3 Nf6 7. Nc3 d6 8. Be2
O-O 9. O-O Bd7 10. Nc2 Rc8 11. f3 Ne5 12. b3 a6 13. a4 Bc6 14. Qd2 Re8 15. Rab1
Ned7 16. b4 Ne5 17. a5 Bd7 18. Bb6 Rc7 19. Ne3 Qb8 20. Bxc7 Qxc7 21. Rbc1 Qb8
22. Ncd5 Nc6 23. Nb6 Be6 24. b5 Na7 25. Ned5 Nxd5 26. Nxd5 Bd7 27. Rb1 Qd8 28.
Rfc1 Nc8 29. bxa6 bxa6 30. c5 dxc5 31. Rxc5 e6 32. Nb6 Nxb6 33. axb6 Bf8 34. Rc7 1-0

[Event "European Blitz 2017"]
[Site "Katowice POL"]
[Date "2017.12.15"]
[Round "13.67"]
[White "Krause, Jonah"]
[Black "Bugalski, Michal"]
[Result "1-0"]
[WhiteTitle "FM"]
[WhiteElo "2368"]
[BlackElo "2263"]
[WhiteFideId "12907910"]
[BlackFideId "1122134"]
[EventDate "2017.12.15"]
[EventType "blitz"]

1. d4 e6 2. c4 Nf6 3. g3 b6 4. Bg2 c6 5. Nf3 d5 6. O-O Bb7 7. Nbd2 Be7 8. Qc2
Nbd7 9. e4 dxe4 10. Nxe4 Nxe4 11. Qxe4 Qc8 12. Qc2 O-O 13. Rd1 c5 14. d5 exd5
15. cxd5 Bf6 16. Nd2 Bd4 17. Nc4 Qd8 18. Nd6 Rb8 19. Nf5 Bf6 20. Be3 g6 21. Nd6
Ba8 22. Ne4 Bg7 23. Bg5 Qc8 24. Nd6 Qa6 25. Be7 b5 26. a4 b4 27. Bxf8 Rxf8 28.
Nc4 Qf6 29. d6 Rb8 30. Bxa8 Rxa8 31. Qe4 Rb8 32. Qe7 Qf5 33. Re1 b3 34. Rad1 h5
35. Qe4 Qh3 36. Qg2 Qf5 37. Ne3 Qf6 38. Nd5 Qxb2 39. Re7 Qc2 40. Rde1 b2 41. Qf3
b1=Q 42. Qxf7+ 1-0

[Event "European Blitz 2017"]
[Site "Katowice POL"]
[Date "2017.12.15"]
[Round "13.68"]
[White "Tomaszewski, Kacper"]
[Black "Reichmann, Hendrik"]
[Result "1-0"]
[BlackTitle "FM"]
[WhiteElo "2292"]
[BlackElo "2337"]
[WhiteFideId "1127373"]
[BlackFideId "4647823"]
[EventDate "2017.12.15"]
[EventType "blitz"]

1. d4 d6 2. Nf3 g6 3. c4 Bg7 4. Nc3 e5 5. e4 exd4 6. Nxd4 Nc6 7. Be3 Nge7 8. h4
f5 9. h5 O-O 10. hxg6 f4 11. Nxc6 Nxc6 12. Qd5+ 1-0

[Event "European Blitz 2017"]
[Site "Katowice POL"]
[Date "2017.12.15"]
[Round "13.70"]
[White "Kastelik, Adrian"]
[Black "Boe, Mads"]
[Result "0-1"]
[BlackTitle "FM"]
[WhiteElo "2176"]
[BlackElo "2292"]
[WhiteFideId "1134701"]
[BlackFideId "1401408"]
[EventDate "2017.12.15"]
[EventType "blitz"]

1. e4 c6 2. d4 d5 3. Nc3 dxe4 4. Nxe4 Bf5 5. Ng3 Bg6 6. Nh3 e6 7. Nf4 Bd6 8. h4
Qc7 9. h5 Bxc2 10. Qg4 Ne7 11. Qxg7 Rg8 12. Qf6 Nd7 13. Qh4 O-O-O 14. Bd2 Nd5
15. Nxd5 exd5 16. Nf5 Bxf5 17. O-O-O Rde8 18. g3 Nb6 19. Bg2 Nc4 20. Bc3 Qe7 21.
Qxe7 Rxe7 22. Rde1 Rge8 23. Rxe7 Rxe7 24. Kd1 Bg4+ 25. Kc1 Bf5 26. Bf3 Be4 27.
Bxe4 Rxe4 28. Kd1 Bc7 29. b3 Nd6 30. Rf1 Nb5 31. Bb2 Bb6 32. f3 Re6 33. Rh1 Bxd4
34. Bc1 Nc3+ 35. Kc2 Nxa2 36. Kd3 Nxc1+ 37. Kxd4 Nxb3+ 38. Kc3 Nc5 39. g4 Nd7
40. f4 Re4 41. Rf1 Nf6 42. g5 Nxh5 43. f5 Rf4 44. g6 hxg6 0-1

[Event "European Blitz 2017"]
[Site "Katowice POL"]
[Date "2017.12.15"]
[Round "13.71"]
[White "Mucha, Piotr"]
[Black "Piesik, Piotr"]
[Result "1-0"]
[BlackTitle "FM"]
[WhiteElo "2165"]
[BlackElo "2374"]
[WhiteFideId "1164163"]
[BlackFideId "1136194"]
[EventDate "2017.12.15"]
[EventType "blitz"]

1. e4 e6 2. Qe2 c5 3. Nf3 Nc6 4. g3 g6 5. Bg2 Bg7 6. O-O Nge7 7. Nc3 d6 8. d3
Rb8 9. a4 a6 10. Bg5 b5 11. axb5 axb5 12. Qd2 O-O 13. Bh6 b4 14. Na4 e5 15. b3
f5 16. Bxg7 Kxg7 17. exf5 Nxf5 18. Nb2 Kh8 19. Nc4 Ncd4 20. Ng5 Qe7 21. Rae1 h6
22. Nf3 Nxf3+ 23. Bxf3 Kg7 24. Bg2 Qf6 25. f4 exf4 26. Qxf4 Bb7 27. Bxb7 Rxb7
28. g4 Nd4 29. Qe4 Nf3+ 30. Kh1 Rbf7 31. Re3 Qd4 32. Rexf3 Qxe4 1-0

[Event "European Blitz 2017"]
[Site "Katowice POL"]
[Date "2017.12.15"]
[Round "13.72"]
[White "Wiewiora, Eneasz"]
[Black "Varvadoukas, Theodoros"]
[Result "1-0"]
[WhiteTitle "FM"]
[WhiteElo "2320"]
[BlackElo "2178"]
[WhiteFideId "1140396"]
[BlackFideId "4210735"]
[EventDate "2017.12.15"]
[EventType "blitz"]

1. e4 c5 2. c3 Nf6 3. e5 Nd5 4. d4 cxd4 5. Nf3 Nc6 6. Bc4 Nb6 7. Bb3 d5 8. exd6
Qxd6 9. O-O Be6 10. Bxe6 Qxe6 11. Nxd4 Nxd4 12. Qxd4 Rd8 13. Qh4 Qc4 14. Qxc4
Nxc4 15. b3 Ne5 16. Be3 Nc6 17. b4 a6 18. a4 e6 19. b5 Ne5 20. Bd4 Nc4 21. f4
Be7 22. Ra2 Bf6 23. Bxf6 gxf6 24. Na3 Rc8 25. Kf2 Ke7 26. g3 Rhd8 27. Rc1 Nxa3
28. Rxa3 Rd2+ 29. Ke3 Rxh2 30. c4 Rg2 31. Kf3 Rb2 32. g4 h5 33. gxh5 Rh8 34. Rh1
Rc2 35. bxa6 bxa6 36. Rb3 Rxc4 37. Rb7+ Kd6 38. Rxf7 f5 39. h6 Rc7 40. Rd1+ 1-0

[Event "European Blitz 2017"]
[Site "Katowice POL"]
[Date "2017.12.15"]
[Round "13.73"]
[White "Troyke, Christian"]
[Black "Chojnacki, Slawomir"]
[Result "1-0"]
[WhiteTitle "IM"]
[WhiteElo "2348"]
[BlackElo "2237"]
[WhiteFideId "4616278"]
[BlackFideId "1117076"]
[EventDate "2017.12.15"]
[EventType "blitz"]

1. g3 c6 2. Bg2 d5 3. c4 Nf6 4. Nf3 Bf5 5. cxd5 cxd5 6. Qb3 Qb6 7. Nc3 e6 8. d3
Nc6 9. Be3 Qxb3 10. axb3 Bb4 11. Nd4 Nxd4 12. Bxd4 a6 13. Ra4 Be7 14. e4 dxe4
15. dxe4 Bg6 16. e5 Nd5 17. Nxd5 exd5 18. Bxd5 O-O-O 19. Bg2 Bd3 20. Bc3 Bc2 21.
Rf4 Rd1+ 22. Ke2 Rxh1 23. Bxh1 Bxb3 24. Be4 Rd8 25. h4 g6 26. Bd3 b5 27. h5 Kb7
28. hxg6 hxg6 29. Ba5 Rh8 30. Be4+ Ka7 31. Rf3 Bc4+ 32. Bd3 Bd5 33. Rf4 Rh1 34.
Be4 Be6 35. Bxh1 1-0

[Event "European Blitz 2017"]
[Site "Katowice POL"]
[Date "2017.12.15"]
[Round "13.74"]
[White "Gazik, Viktor"]
[Black "Krainski, Aleksander"]
[Result "0-1"]
[WhiteTitle "IM"]
[BlackTitle "FM"]
[WhiteElo "2479"]
[BlackElo "2203"]
[WhiteFideId "14928752"]
[BlackFideId "1102400"]
[EventDate "2017.12.15"]
[EventType "blitz"]

1. Nf3 d5 2. g3 Nf6 3. Bg2 e6 4. O-O Be7 5. d3 O-O 6. Nbd2 c5 7. e4 Nc6 8. Re1
b5 9. e5 Ne8 10. Nf1 Nc7 11. h4 b4 12. N1h2 a5 13. Ng5 Qe8 14. Bf4 a4 15. c4
bxc3 16. bxc3 Nb5 17. Qd2 Ba6 18. Ng4 a3 19. h5 Rb8 20. h6 g6 21. Nf3 d4 22. c4
Nc3 23. Bg5 Kh8 24. Qf4 Rb2 25. Nf6 Qd8 26. Nd2 Nb4 27. Bf1 Bb7 28. Nb3 Qc7 29.
f3 Nc2 30. Rac1 Ne3 31. Rxe3 dxe3 32. Rxc3 e2 33. Bxe2 Rxe2 34. Rc1 Qxe5 35. Qh4
Bxf3 36. Ne4 f6 37. Bf4 Qb2 38. Ned2 e5 39. Nxf3 exf4 40. Qxf4 Rg2+ 41. Kh1 Qf2
42. Nbd2 Rxg3 43. Rg1 Rxg1+ 44. Nxg1 Qxf4 0-1

[Event "European Blitz 2017"]
[Site "Katowice POL"]
[Date "2017.12.15"]
[Round "13.75"]
[White "Pavlidou, Ekaterini"]
[Black "Wieczorek, Oskar"]
[Result "1-0"]
[WhiteTitle "WIM"]
[BlackTitle "IM"]
[WhiteElo "2196"]
[BlackElo "2463"]
[WhiteFideId "4213262"]
[BlackFideId "1133950"]
[EventDate "2017.12.15"]
[EventType "blitz"]

1. Nf3 c5 2. c4 g6 3. g3 Bg7 4. Bg2 Nc6 5. O-O e5 6. Nc3 Nge7 7. d3 d6 8. Rb1
O-O 9. a3 a5 10. Ne1 Be6 11. Nd5 Rb8 12. a4 Nb4 13. e4 Nexd5 14. cxd5 Bd7 15.
Be3 b5 16. b3 bxa4 17. bxa4 Qe8 18. Ra1 f5 19. exf5 gxf5 20. Ra3 e4 21. d4 Nxd5
22. dxc5 Nxe3 23. fxe3 dxc5 24. Qd5+ Kh8 25. Qxc5 Bb2 26. Ra2 Qe5 27. Qxe5+ Bxe5
28. Raf2 Bxa4 29. Bxe4 Bc3 30. Bxf5 Bb5 31. Nd3 Rbd8 32. Rd1 Rxf5 33. Rxf5 Rxd3
34. Rb1 Bd7 35. Rf7 Be5 36. Rb7 Bh3 37. Rxh7+ Kg8 38. Rxh3 a4 39. Rh5 Bf6 40.
Ra5 a3 41. Ra8+ Bd8 42. Rbb8 Kf7 43. Rxd8 1-0

[Event "European Blitz 2017"]
[Site "Katowice POL"]
[Date "2017.12.15"]
[Round "13.76"]
[White "Mitkov, Marjan"]
[Black "Marczuk, Dominik"]
[Result "1/2-1/2"]
[WhiteTitle "IM"]
[WhiteElo "2333"]
[BlackElo "2278"]
[WhiteFideId "15000354"]
[BlackFideId "1111264"]
[EventDate "2017.12.15"]
[EventType "blitz"]

1. d4 f5 2. Nc3 Nf6 3. Bg5 d5 4. Bxf6 exf6 5. e3 Be6 6. Bd3 Qd7 7. Qf3 Nc6 8.
Nge2 O-O-O 9. Nf4 Bf7 10. h4 h5 11. Qg3 Rg8 12. Qh3 Ne7 13. Nce2 Kb8 14. g3 g6
15. O-O-O Nc8 16. Qg2 c6 17. Kb1 Nd6 18. Rc1 Bh6 19. b3 Rge8 20. Rhd1 Qc7 21.
Nc3 Bf8 22. Na4 Ne4 23. c4 dxc4 24. Bxc4 Bxc4 25. bxc4 Qa5 26. Nb2 Nc3+ 27. Rxc3
Qxc3 28. Rc1 Qd2 29. Qf1 Ba3 30. Rc2 Qb4 31. Nxg6 Re4 32. Nf4 Rd6 33. Nd3 Qa5
34. Ka1 Bxb2+ 35. Rxb2 Re8 36. Qb1 Rd7 37. Nc5 Ree7 38. Nxd7+ Rxd7 39. Qd3 Qe1+
40. Rb1 Qxf2 41. d5 cxd5 42. cxd5 Qxg3 43. Qxf5 Rd6 44. Qxh5 Rd8 45. Qf7 Qe5+
46. Rb2 b6 47. h5 Rc8 48. a3 Qxe3 49. Qe6 Qc1+ 50. Ka2 Qc4+ 51. Kb1 Qf1+ 52. Ka2
Qc4+ 53. Kb1 Qc1+ 54. Ka2 Qc4+ 55. Kb1 1/2-1/2

[Event "European Blitz 2017"]
[Site "Katowice POL"]
[Date "2017.12.15"]
[Round "13.77"]
[White "Leveikina, Jevgenija"]
[Black "Tomczak, Mikolaj"]
[Result "0-1"]
[WhiteTitle "WFM"]
[BlackTitle "FM"]
[WhiteElo "2109"]
[BlackElo "2372"]
[WhiteFideId "4682157"]
[BlackFideId "1175114"]
[EventDate "2017.12.15"]
[EventType "blitz"]

1. d4 d5 2. c4 dxc4 3. e3 a6 4. Bxc4 e6 5. Nc3 Nf6 6. Nf3 c5 7. O-O b5 8. Be2
Bb7 9. b3 Nbd7 10. Bb2 Be7 11. Rc1 O-O 12. dxc5 Nxc5 13. Qxd8 Rfxd8 14. Rfd1 h6
15. Nd4 Rac8 16. h3 Kf8 17. Kf1 Ke8 18. Bf3 Bxf3 19. Nxf3 Nd3 20. Rxd3 Rxd3 21.
Nd4 Ne4 22. Nxe4 Rxc1+ 23. Ke2 Rcd1 24. f4 f5 25. Nf2 R1d2+ 26. Kf3 Rxf2+ 27.
Kxf2 Rd2+ 28. Kf3 Rxb2 29. Nxe6 0-1

[Event "European Blitz 2017"]
[Site "Katowice POL"]
[Date "2017.12.15"]
[Round "13.78"]
[White "Ustianovich, Nazar"]
[Black "Michalski, Filip"]
[Result "1-0"]
[WhiteTitle "FM"]
[WhiteElo "2366"]
[BlackElo "2089"]
[WhiteFideId "14109778"]
[BlackFideId "1151371"]
[EventDate "2017.12.15"]
[EventType "blitz"]

1. d4 Nf6 2. Nf3 e6 3. c4 d5 4. g3 Be7 5. Bg2 O-O 6. Qc2 c6 7. O-O b6 8. Rd1 Bb7
9. Bf4 Nbd7 10. Nc3 Rc8 11. Nd2 c5 12. dxc5 Nxc5 13. Nb3 Qe8 14. cxd5 Nxb3 15.
Qxb3 exd5 16. Nxd5 Bxd5 17. Bxd5 Nxd5 18. Rxd5 Qc6 19. Rad1 Bf6 20. R5d2 Rfe8
21. Rd6 Qe4 22. R6d2 Rc6 23. Qd3 Qxd3 24. exd3 Bd4 25. Kg2 h6 26. h4 f6 27. h5
Rc5 28. Rh1 Kf7 29. Kf3 Rec8 30. b3 Rc2 31. Rhd1 R8c5 32. Rxc2 Rxc2 33. Rd2 Rc5
34. g4 a5 35. Be3 Bxe3 36. fxe3 f5 37. d4 Rd5 38. gxf5 Rxf5+ 39. Kg4 Rg5+ 40.
Kh4 Ke6 41. e4 Rg1 42. d5+ Kd6 43. e5+ Kxe5 44. d6 Kf4 45. Kh3 Kf3 46. Kh2 Rg5
47. d7 Rxh5+ 48. Kg1 Rg5+ 49. Kf1 Rh5 50. Rd3+ 1-0

[Event "European Blitz 2017"]
[Site "Katowice POL"]
[Date "2017.12.15"]
[Round "13.79"]
[White "Laurusas, Tomas"]
[Black "Klepek, Witold"]
[Result "1-0"]
[WhiteTitle "IM"]
[WhiteElo "2423"]
[BlackElo "2215"]
[WhiteFideId "12803731"]
[BlackFideId "1175068"]
[EventDate "2017.12.15"]
[EventType "blitz"]

1. d4 Nf6 2. c4 c5 3. d5 b5 4. Nd2 b4 5. e4 d6 6. b3 g6 7. Bb2 Bg7 8. Ngf3 O-O
9. h3 a5 10. a4 Ra7 11. Bd3 e6 12. dxe6 fxe6 13. O-O Nc6 14. Re1 Nh5 15. Bxg7
Rxg7 16. e5 dxe5 17. Be4 Bb7 18. Bxc6 Bxc6 19. Ne4 Nf4 20. Qxd8 Rxd8 21. Nxe5
Bxe4 22. Rxe4 g5 23. g3 Nxh3+ 24. Kg2 g4 25. Nxg4 Ng5 26. Re5 Rd3 27. Rxc5 Rxb3
28. Rd1 h5 29. Nf6+ Kf7 30. Nxh5 Rg8 31. Rc7+ Kg6 32. Nf4+ Kf5 33. Rc5+ Kf6 34.
Rxa5 Ne4 35. Re1 1-0

[Event "European Blitz 2017"]
[Site "Katowice POL"]
[Date "2017.12.15"]
[Round "13.81"]
[White "Zorko, Jure"]
[Black "Swicarz, Maciej"]
[Result "1-0"]
[WhiteTitle "IM"]
[WhiteElo "2457"]
[BlackElo "2378"]
[WhiteFideId "14604051"]
[BlackFideId "1113585"]
[EventDate "2017.12.15"]
[EventType "blitz"]

1. d4 f5 2. Nc3 d5 3. Bf4 Nf6 4. Nb5 Na6 5. c4 c6 6. Nc3 e6 7. e3 Be7 8. Nf3 O-O
9. Be2 Ne4 10. O-O Nc7 11. h3 Ne8 12. Ne5 g5 13. Bh2 N8d6 14. c5 Nf7 15. Nxe4
fxe4 16. f3 exf3 17. Bxf3 Nh6 18. Bh5 Nf5 19. Qe2 Bd7 20. Nf7 Qc8 21. g4 Ng7 22.
Nh6+ Kh8 23. Be5 Be8 24. Bf7 Bxf7 25. Nxf7+ Kg8 26. Nh6+ Kh8 27. Rxf8+ Bxf8 28.
Rf1 b6 29. Qf3 bxc5 30. Qf7 Qe8 31. Qg8# 1-0

[Event "European Blitz 2017"]
[Site "Katowice POL"]
[Date "2017.12.15"]
[Round "13.82"]
[White "Walter, Szymon"]
[Black "Luch, Michal"]
[Result "1-0"]
[BlackTitle "IM"]
[WhiteElo "2246"]
[BlackElo "2398"]
[WhiteFideId "1172590"]
[BlackFideId "1120042"]
[EventDate "2017.12.15"]
[EventType "blitz"]

1. e4 Nf6 2. e5 Nd5 3. Nc3 Nxc3 4. dxc3 d6 5. Nf3 Nc6 6. Bc4 dxe5 7. Qe2 Qd6 8.
O-O Be6 9. Bb5 O-O-O 10. Bxc6 Qxc6 11. Nxe5 Qc5 12. Bf4 g5 13. Nd3 Qf5 14. Be5
Rg8 15. Rfe1 g4 16. Qe3 Kb8 17. Qc5 Rc8 18. Qb5 a6 19. Qb4 Ka7 20. a4 Bd7 21.
Bd4+ Ka8 22. Re5 Qg6 23. Nc5 Bc6 24. Nxa6 e6 25. Qa5 b6 26. Bxb6 cxb6 27. Qxb6
Bd6 28. Nc7+ 1-0

[Event "European Blitz 2017"]
[Site "Katowice POL"]
[Date "2017.12.15"]
[Round "13.83"]
[White "Kanarek, Marcel"]
[Black "Styazhkina, Anna"]
[Result "0-1"]
[WhiteTitle "GM"]
[BlackTitle "WIM"]
[WhiteElo "2505"]
[BlackElo "2283"]
[WhiteFideId "1126822"]
[BlackFideId "24119300"]
[EventDate "2017.12.15"]
[EventType "blitz"]

1. e4 e5 2. Nf3 Nc6 3. Bb5 a6 4. Ba4 g6 5. d4 exd4 6. Nxd4 Bg7 7. Nxc6 bxc6 8.
O-O Ne7 9. Nc3 Rb8 10. Bb3 O-O 11. Bg5 h6 12. Bh4 g5 13. Bg3 Ng6 14. Ne2 d6 15.
Nd4 Bd7 16. c3 Qe7 17. Re1 Nf4 18. Bxf4 gxf4 19. Nf5 Bxf5 20. exf5 Qg5 21. Qd3
Be5 22. Qxa6 Qxf5 23. Qxc6 Kh8 24. Qe4 Qg5 25. Qf3 Qg7 26. Re2 Rg8 27. Bd5 Qf6
28. a4 Rg5 29. a5 Rbg8 30. Qh3 Qg6 31. a6 Bxc3 32. Qxc3+ Kh7 33. Qh3 Rxd5 34. a7
Ra8 35. f3 Qf6 36. Kf2 Qd4+ 37. Kf1 Rxa7 38. Rxa7 Qxa7 39. Qd7 Rd1+ 40. Re1 Qa6+
41. Kf2 Rd2+ 42. Kg1 Qb6+ 43. Kh1 Qb3 44. Qf5+ Kg7 45. Qg4+ Kf8 46. Qxf4 Qxb2
47. Qxh6+ Qg7 48. Qxg7+ Kxg7 49. h4 c5 50. Kh2 c4 51. Kg3 c3 52. Rc1 c2 53. Kf4
Rxg2 54. Ke4 Rh2 55. Kd5 Rd2+ 56. Ke4 Kh6 57. Ke3 Rh2 58. Kf4 Rxh4+ 59. Kf5 Rc4
60. Kf6 Rf4+ 61. Ke7 d5 62. Kd6 d4 63. Ke5 d3 64. Rh1+ Kg7 65. Rg1+ Kf8 66. Kxf4
d2 0-1

[Event "European Blitz 2017"]
[Site "Katowice POL"]
[Date "2017.12.15"]
[Round "13.84"]
[White "Berchtenbreiter, Maximilian"]
[Black "Kowalczyk, Rafal"]
[Result "1-0"]
[WhiteTitle "IM"]
[WhiteElo "2387"]
[BlackElo "2223"]
[WhiteFideId "24641120"]
[BlackFideId "1133853"]
[EventDate "2017.12.15"]
[EventType "blitz"]

1. e4 e5 2. Nf3 Nc6 3. Bc4 Bc5 4. c3 Nf6 5. d3 d6 6. Bb3 a6 7. h3 Ba7 8. Qe2 h6
9. Nbd2 Ne7 10. Nc4 Ng6 11. g3 c6 12. Ne3 Be6 13. Bc2 d5 14. h4 Qc7 15. Nf5 O-O
16. h5 Ne7 17. N3h4 dxe4 18. Nxe7+ Qxe7 19. dxe4 Bg4 20. f3 Bxh5 21. Nf5 Qd7 22.
g4 Bg6 23. Qh2 Rfd8 24. Bxh6 Bxf5 25. Bxg7 Bh7 26. Bxf6 1-0

[Event "European Blitz 2017"]
[Site "Katowice POL"]
[Date "2017.12.15"]
[Round "13.85"]
[White "Mroziak, Maciej"]
[Black "Miezis, Normunds"]
[Result "1-0"]
[WhiteTitle "IM"]
[BlackTitle "GM"]
[WhiteElo "2397"]
[BlackElo "2434"]
[WhiteFideId "1139665"]
[BlackFideId "11600136"]
[EventDate "2017.12.15"]
[EventType "blitz"]

1. e4 c5 2. c3 Qa5 3. Nf3 Nc6 4. a3 e6 5. d4 cxd4 6. b4 Qc7 7. cxd4 Nf6 8. Bd3
d5 9. e5 Ne4 10. O-O Be7 11. Ra2 Bd7 12. Rc2 Qb6 13. Bb2 h6 14. Nbd2 Ng5 15. Nb3
O-O 16. Nc5 Bc8 17. Rc1 a5 18. Nxg5 Bxg5 19. f4 Be7 20. b5 Nb8 21. a4 Nd7 22.
Ba3 Nxc5 23. Bxc5 Qd8 24. Bb1 b6 25. Bxe7 Qxe7 26. Rc6 Rb8 27. Qc2 g6 28. Qc3
Bd7 29. Rc7 Rfc8 30. g3 Kg7 31. h4 h5 32. Kf2 Qd8 33. Rc1 Qf8 34. Qb2 Qd8 35.
Rxc8 Rxc8 36. Rxc8 Qxc8 37. Qc2 Qf8 38. Qb3 Qe7 39. Bd3 Be8 40. Qc3 Qd8 41. Ke3
Bd7 42. Qc1 f6 43. Qa3 fxe5 44. dxe5 Be8 45. Qd6 Qxd6 46. exd6 Kf6 47. Kd4 Bd7
48. Be2 Bc8 49. g4 hxg4 50. Bxg4 Bd7 51. Bh3 Be8 52. h5 gxh5 53. f5 exf5 54.
Kxd5 Bd7 55. Bg2 h4 56. Kd4 Kg5 57. Bc6 Be6 58. d7 Bxd7 59. Bxd7 Kf4 60. Bc6 h3
61. Bh1 h2 62. Kd5 Ke3 63. Kc6 f4 64. Kxb6 f3 65. Kxa5 f2 66. Bg2 h1=Q 67. Bxh1
f1=Q 68. Bc6 Qe1+ 69. Ka6 Qb4 70. b6 Kd4 71. b7 Kc5 72. Bb5 1-0

[Event "European Blitz 2017"]
[Site "Katowice POL"]
[Date "2017.12.15"]
[Round "13.86"]
[White "Kukula, Pawel"]
[Black "Shkapenko, Pavel"]
[Result "1-0"]
[BlackTitle "IM"]
[WhiteElo "2181"]
[BlackElo "2431"]
[WhiteFideId "1115081"]
[BlackFideId "4151933"]
[EventDate "2017.12.15"]
[EventType "blitz"]

1. d4 Nf6 2. Nf3 e6 3. Bf4 c5 4. e3 cxd4 5. exd4 b6 6. Nbd2 Bb7 7. Bd3 a6 8. Qe2
Be7 9. O-O O-O 10. a4 d6 11. c3 Nbd7 12. h3 Re8 13. Bh2 Bf8 14. Nc4 Qc7 15. Rfe1
Bd5 16. Ncd2 Bb7 17. Nc4 g6 18. Ncd2 Nd5 19. Ne4 N7f6 20. Ned2 Nh5 21. Be4 Ndf4
22. Qe3 Bxe4 23. Nxe4 Nd5 24. Qe2 Nhf6 25. Nfd2 Nxe4 26. Nxe4 Be7 27. c4 Nf6 28.
Nc3 Rec8 29. Rac1 Qxc4 30. Qe3 Nd5 31. Qf3 Nxc3 32. Rxc3 Qxa4 33. Qb7 Qe8 34.
Qxb6 Rxc3 35. bxc3 d5 36. Ra1 Qc8 37. Bc7 h5 38. g3 h4 39. Kg2 hxg3 40. fxg3 Qd7
41. Be5 Qc8 42. Qb2 Qc4 43. Qd2 Rc8 44. Qh6 Qe2+ 45. Kg1 f6 46. Qxg6+ Kf8 47.
Bxf6 Rxc3 48. Qg7+ 1-0

[Event "European Blitz 2017"]
[Site "Katowice POL"]
[Date "2017.12.15"]
[Round "13.87"]
[White "Herman, Jean"]
[Black "Bartel, Michal"]
[Result "0-1"]
[BlackTitle "FM"]
[WhiteElo "2255"]
[BlackElo "2360"]
[WhiteFideId "263036"]
[BlackFideId "1119257"]
[EventDate "2017.12.15"]
[EventType "blitz"]

1. d4 Nf6 2. Nf3 c5 3. d5 e6 4. c4 exd5 5. cxd5 d6 6. Nc3 g6 7. e4 Bg7 8. Bd3
O-O 9. h3 Re8 10. O-O c4 11. Bc2 b5 12. Nxb5 Nxe4 13. Re1 Nf6 14. Bg5 Rxe1+ 15.
Qxe1 Ba6 16. Nbd4 Nbd7 17. Nc6 Qf8 18. Qa5 Nc5 19. b4 cxb3 20. axb3 Nxd5 21. b4
Bxa1 22. Qxa1 Bb7 23. Na5 Nxb4 24. Nxb7 Nxc2 25. Qb2 Nxb7 26. Qxc2 Nc5 27. h4 f6
28. Bf4 a6 29. h5 a5 30. hxg6 a4 31. Nh4 Qe7 32. Kh2 Qe4 33. Qa2+ Ne6 34. g3
hxg6 35. Bxd6 Kg7 36. Ba3 Rc8 37. Qd2 Rd8 38. Qb2 g5 39. Ng2 Qh7+ 40. Nh4 gxh4
41. Qb7+ Kg8 42. Qc6 hxg3+ 43. Kxg3 Qd3+ 44. f3 Qd5 45. Qc2 Qg5+ 0-1

[Event "European Blitz 2017"]
[Site "Katowice POL"]
[Date "2017.12.15"]
[Round "13.89"]
[White "Dobrowolski, Piotr"]
[Black "Olkhovskiy, Alexander"]
[Result "1-0"]
[WhiteTitle "IM"]
[WhiteElo "2421"]
[BlackElo "2145"]
[WhiteFideId "1106236"]
[BlackFideId "34188611"]
[EventDate "2017.12.15"]
[EventType "blitz"]

1. e4 Nf6 2. e5 Nd5 3. d4 d6 4. c4 Nb6 5. exd6 exd6 6. Nc3 Be7 7. Be3 O-O 8. Bd3
Nc6 9. Nge2 Bg4 10. b3 Bf6 11. Qd2 Nb4 12. Bb1 a5 13. O-O a4 14. f3 Bh5 15. Nf4
Bg6 16. Bxg6 hxg6 17. Nxa4 Nxa4 18. Qxb4 Re8 19. Qd2 Nb6 20. Rae1 Ra3 21. c5
dxc5 22. dxc5 Qxd2 23. Bxd2 Bd4+ 24. Kh1 Rxe1 25. Rxe1 Bxc5 26. Nd3 Rxa2 27.
Nxc5 Rxd2 28. Nxb7 Nd5 29. Re8+ Kh7 30. h4 Nf4 31. Nd8 Nxg2 32. Nxf7 g5 33. h5
g6 34. h6 1-0

[Event "European Blitz 2017"]
[Site "Katowice POL"]
[Date "2017.12.15"]
[Round "13.90"]
[White "Vykouk, Jan"]
[Black "Molenda, Marcin"]
[Result "1/2-1/2"]
[WhiteTitle "FM"]
[BlackTitle "FM"]
[WhiteElo "2435"]
[BlackElo "2388"]
[WhiteFideId "349658"]
[BlackFideId "1173065"]
[EventDate "2017.12.15"]
[EventType "blitz"]

1. e4 c5 2. Nf3 e6 3. d4 cxd4 4. Nxd4 Nc6 5. Nc3 Qc7 6. Be3 a6 7. Qf3 Ne5 8. Qg3
h5 9. h3 Nf6 10. O-O-O h4 11. Qh2 b5 12. f4 Nc4 13. Bxc4 Qxc4 14. e5 Nh5 15. Kb1
Ng3 16. Rhe1 Bb7 17. Bf2 Bb4 18. Bxg3 Bxc3 19. bxc3 hxg3 20. Qxg3 g6 21. Nb3 Qc7
22. Rd2 a5 23. Qe3 Rc8 24. Nd4 Bd5 25. Nxb5 Rb8 26. a4 Qc4 27. Rd4 Qa2+ 28. Kc1
O-O 29. Kd2 Rfc8 30. Qg1 Rc5 31. Ra1 Qb2 32. Rb1 Qa2 33. Ra1 Qb2 34. Rb1 Qa2 35.
Qc1 Rbxb5 36. Rxb5 Rxb5 37. axb5 a4 38. b6 Bc6 39. Qf1 Qb2 40. Qc4 a3 41. Qb4
Qxb4 42. Rxb4 a2 43. Ra4 Bxa4 44. b7 a1=Q 45. b8=Q+ Kg7 46. Qd8 Qa3 47. Qf6+ Kg8
48. Qd8+ Qf8 49. Qf6 Bc6 50. g4 Qa8 51. h4 Qa5 52. h5 gxh5 53. gxh5 Qd5+ 54. Kc1
Qh1+ 55. Kb2 Qxh5 56. Qd8+ Kh7 57. Qf6 Qg6 58. Qh4+ Kg7 59. Qh2 Ba4 60. c4 Qe4
61. Qg3+ Kf8 62. Qa3+ Kg7 63. Qxa4 Qxf4 64. Qb5 Qd4+ 65. Kb3 Qe3+ 66. c3 Qc1 67.
Qxd7 Qb1+ 68. Ka4 Qc2+ 69. Kb4 Qb2+ 70. Kc5 Qxc3 71. Qd6 Qa3+ 72. Kc6 Qa6+ 73.
Kc5 Qa3+ 74. Kd4 Qb2+ 75. Ke4 Qe2+ 76. Kd4 Qd2+ 77. Kc5 Qa5+ 78. Kc6 Qa6+ 79.
Kc5 1/2-1/2